The Legal Framework of Suborbital Flights : Perspectives from Air Law and Space Law /

Flights that reach very high altitudes but do not enter Earth orbit are commonly known as 'suborbital flights'. It is not clear whether - from the legal perspective - they are space or aviation activities. In practice, they include scientific and research missions, and more recently also c...

Full description

Saved in:

Other Authors: Hobe, Stephan (Editor), Marboe, Irmgard (Editor)

Format: eBook

Language: English

Published: Leiden ; Boston : Brill | Nijhoff, 2026.

Series: International Law E-books Online, Collection 2026.
Studies in Space Law ; 29.

Subjects:

Online Access: Login to view Source

Tags: Add Tag

No Tags, Be the first to tag this record!

Call Number: K3240 .I5788

LEADER 02501nam a22004818i 4500
001 BRILL9789004747692
003 nllekb
005 20260324115025.0
006 m d
007 cr un uuuua
008 251031s2026 gw sb 001 0 eng d
020 |a 9789004747692  |q (electronic book) 
020 |z 9789004747623  |q (print) 
024 7 |a 10.1163/9789004747692  |2 DOI 
040 |a NL-LeKB  |c NL-LeKB  |e rda 
041 |a eng 
050 4 |a K3240 .I5788 
072 7 |a LAW  |x 0002000  |2 bisacsh 
072 7 |a LAW  |x 0051000  |2 bisacsh 
072 7 |a LBDA  |2 bicssc 
082 0 4 |a 341.48  |2 23 
245 0 0 |a The Legal Framework of Suborbital Flights :  |b Perspectives from Air Law and Space Law /  |c edited by Irmgard Marboe , Stephan Hobe. 
246 3 |a Perspectives from Air Law and Space Law 
264 1 |a Leiden ;  |a Boston :  |b Brill | Nijhoff,  |c 2026. 
264 4 |c ©2026 
300 |a 1 online resource (355 pages) :  |b illustrations. 
336 |a text  |b txt  |2 rdacontent 
337 |a computer  |b c  |2 rdamedia 
338 |a online resource  |2 rdacarrier 
490 1 |a International Law E-books Online, Collection 2026 
490 1 |a Studies in Space Law ;  |v 29 
504 |a Includes bibliographical references and index. 
520 |a Flights that reach very high altitudes but do not enter Earth orbit are commonly known as 'suborbital flights'. It is not clear whether - from the legal perspective - they are space or aviation activities. In practice, they include scientific and research missions, and more recently also commercial applications, such as transportation services and flights with crews and passengers, often referred to as 'space tourism'. These activities raise numerous legal questions, including registration, responsibility, liability and insurance as well as environmental protection. This book contains perspectives on the applicable legal framework from experienced air and space law experts. 
546 |a English 
588 |a Description based on print version record. 
650 0 |a International Law. 
700 1 |a Hobe, Stephan,  |e editor. 
700 1 |a Marboe, Irmgard,  |e editor. 
776 0 8 |i Print version:  |t The Legal Framework of Suborbital Flights : Perspectives from Air Law and Space Law.  |d Leiden ; Boston : Brill | Nijhoff, 2026.  |z 9789004747623  |w (OCoLC)1545570643 
830 0 |a International Law E-books Online, Collection 2026. 
830 0 |a Studies in Space Law ;  |v 29. 
856 4 |z DOI:   |u http://dx.doi.org/10.1163/9789004747692 
999 |c 61980  |d 61980